00238nam a2200097Ia 4500008004100000100001900041245002800060260002800088942000700116999001700123190216s9999||||xx |||||||||||||| ||und|| aNambeeshan C N 0aBhouthikam Vol I Ii Iii bKerala Bhasha Institute cBK c39733d39733